• 首页
  • 本馆介绍
  • 公告通知
  • 最新文献
  • 馆藏检索
  • 电子资源
  • 读者导购
  • 参考咨询
  • 我的图书馆
  • 登录
  • 详细信息显示
  • 放入我的书架
  • 预约/预借图书
  • 作者相关作品
  • 分类相关作品
  • 丛书相关作品
  • 出版社相关作品

书目信息

  • 表格格式
  • 工作单格式
  • 卡片格式
题名:
现代旅游服务业督导管理
    
 
作者: 蔡树棠 著
分册:  
出版信息: 北京   中国旅游出版社  2004
页数: 330页
开本: 23cm
丛书名:
单 册:
中图分类: F590.6
科图分类:
主题词: 服务业--监督管理 , 旅游业--监督管理 , 旅游经济
电子资源:
ISBN: 7-5032-2346-4
000 01200nam0 2200337 450
000 01163nam0 2200325 450
000 01141nam0 2200325 450
000 01104nam0 2200313 450
000 01100nam0 2200301 450
000 01063nam0 2200289 45
001 TS2006004197
005 20061210152222.90
010    @a7-5032-2346-4@dCNY38.00
092    @aCN@bTS01-004458
100    @a20060829d2004 em y0chiy0110 ea
101 0  @achi
102    @aCN@b110000
105    @ay z 000yy
200 1  @a现代旅游服务业督导管理@Axian dai lv you fu wu ye du dao guan li@f蔡树棠著
210    @a北京@c中国旅游出版社@d2004
215    @a330页@d23cm
330    @a本书把国外有关督导管理方面的知识和技能融合进来,从五个方面进行论述,即:督导的理念、实施和正确领导是督导的根本、保证服务质量是督到的重点、处理好人际关系是督导的关键、抓好团队建设是督导的基础等。
606 0  @a服务业@x监督管理
606 0  @a旅游业@x监督管理
606 0  @a旅游经济
690    @aF590.6@v3
701  0 @a蔡树棠@Acai shu tang@c(服务业)@4著
801  0 @aCN@b中图数据@c20061210
905    @a10447@dF590.6@e106
    
    现代旅游服务业督导管理/蔡树棠著.-北京:中国旅游出版社,2004
    330页;23cm
    
    
    ISBN 7-5032-2346-4:CNY38.00
    本书把国外有关督导管理方面的知识和技能融合进来,从五个方面进行论述,即:督导的理念、实施和正确领导是督导的根本、保证服务质量是督到的重点、处理好人际关系是督导的关键、抓好团队建设是督导的基础等。
●
相关链接 在E读中查询图书 在五车中查询图书 在当当中查询图书 在豆瓣中查询图书


正题名:现代旅游服务业督导管理     索取号:F590.6/106         预约/预借

序号 登录号 条形码 馆藏地/架位号 状态 备注
1 0615150   206151509   第一样本阅览室/ [索取号:F590.6/106] 在馆    
2 0615151   206151518   第一借阅区/ [索取号:F590.6/106] 在馆    
3 0615152   206151527   第一借阅区/ [索取号:F590.6/106] 在馆    
唐山师范学院图书馆 欢迎您!
大连网信软件有限公司© 版权所有